Science Quiz

Random Science or Animal Quiz

Sharks! Quiz Stats

Quiz Updated Jul 25, 2012

Also try: Snakes!
Challenge
Share
Tweet
Embed
Score 0/22 Timer 06:00
3 Plays Today
Vowels Shark! % Correct
__ea_ __i_e __a__Great White Shark
97.4%
_a__e__ea_Hammerhead
91.4%
_i_e_ __a__Tiger Shark
87.5%
__a_e __a__Whale Shark
83.6%
_u__ __a__Bull Shark
54%
_u__e __a__Nurse Shark
53.9%
__ue __a__Blue Shark
48.2%
_a_o __a__Mako Shark
44.9%
_ee_ __a__Reef Shark
40.4%
_e_o_ __a__Lemon Shark
36.8%
_eo_a__ __a__Leopard Shark
34%
Vowels Shark! % Correct
_a__i__ __a__Basking Shark
32.5%
_o__i__Dogfish
23.6%
___e__e_ __a__Thresher Shark
22.3%
__ee__a__ __a__Greenland Shark
17.9%
_e__a __a__Zebra Shark
13%
_e_a_ou__ __a__Megamouth Shark
11.3%
_a___a__Catshark
10.6%
_a___a__Sawshark
9.1%
_o__e_o__Wobbegong
8.2%
_i_ _i__ __a__Sixgill Shark
6.3%
_e_e_ -_i__ __a__Seven-Gill Shark
4.4%

You're not logged in!

Compare scores with friends on all Sporcle quizzes.
Sign Up with Email
OR
Log In

You Might Also Like...

Show Comments

Extras

Top Quizzes Today


Score Distribution

Your Account Isn't Verified!

In order to create a playlist on Sporcle, you need to verify the email address you used during registration. Go to your Sporcle Settings to finish the process.